000
00318pab a2200133 454500
008
180718b xxu||||| |||| 00| 0 eng d
100
_a
Devarajan, R
245
_a
The new industrial policy and the budget
650
_a
Policy
650
_a
Budget
650
_a
Industry
773
_a
Chartered Accountant
909
_a
2383
999
_c
2383
_d
2383